=LDR 00000nam 2200000 4500 =001 INLIS000000000042655 =005 20131008015446 =008 ***********************************Ind** =035 ##$$0010-101300000000577 =041 ##$$a Ind =082 ##$$a 613.042.44 =090 ##$$a 613.042.44, Egi b =100 ##$$a Egi Komara Yudha =245 ##$$a Buku ajar kesehatan reproduksi wanita, Egi Komara Yudha; editor, Dwi Widiastuti =260 ##$$a 2009 $b Jakarta =300 ##$$a xiii, 613 hlm., 27 cm =650 ##$$a Wanita - Kesehatan =850 ##$$a NBPNMAT =990 ##$$a 94591/BPAP-NTB/2014 =990 ##$$a 94592/BPAP-NTB/2014 =990 ##$$a 21195258/BPAP-NTB/2014 =990 ##$$a 21601999/BPAP-NTB/2017